[Event "POL Olympiad U14"]
[Site "Drzonkow"]
[Date "2017.04.07"]
[Round "8"]
[White "Norek, Bartosz"]
[Black "Stolarski, Adam"]
[Result "1/2-1/2"]
[WhiteElo "1722"]
[BlackElo "1730"]
[PlyCount "81"]
[EventDate "2017.04.02"]
[EventType "swiss"]
[EventRounds "9"]
[EventCountry "POL"]
[SourceTitle "EXT 2020"]
[Source "ChessBase"]
[SourceDate "2019.10.17"]
[SourceVersion "1"]
[SourceVersionDate "2019.10.17"]
[SourceQuality "1"]

1. e4 e5 2. Nc3 Nc6 3. g3 Bc5 4. Bg2 d6 5. Nge2 Be6 6. Na4 Bb6 7. Nxb6 axb6 8. 0-0 Qd7 9. d3 Nf6 10. f4 Bg4 11. Qe1 Bxe2 12. Qxe2 Nd4 13. Qd1 Qg4 14. Bf3 Nxf3+ 15. Qxf3 Qxf3 16. Rxf3 Nd7 17. b3 Ke7 18. Bb2 f6 19. Kf2 b5 20. a3 b4 21. Ke2 bxa3 22. Rxa3 Rxa3 23. Bxa3 Ra8 24. Bc1 Ra2 25. Kd1 Nc5 26. Be3 Ra1+ 27. Kd2 Na6 28. d4 exd4 29. Bxd4 Rh1 30. Rf2 c5 31. Be3 b5 32. Rg2 Ra1 33. g4 Nb4 34. Re2 Ra2 35. Kc3 Nc6 36. e5 fxe5 37. fxe5 b4+ 38. Kd2 dxe5 39. Bxc5+ Ke6 40. Kd3 Ra8 41. Ke4 1/2-1/2

[Event "POL-ch U12"]
[Site "Suwalki"]
[Date "2015.04.08"]
[Round "1.3"]
[White "Stolarski, Adam"]
[Black "Baum, Jonasz"]
[Result "1/2-1/2"]
[WhiteElo "1495"]
[BlackElo "1893"]
[PlyCount "125"]
[EventDate "2015.04.08"]
[EventType "swiss"]
[EventRounds "9"]
[EventCountry "POL"]
[SourceTitle "EXT 2023"]
[Source "ChessBase"]
[SourceDate "2022.10.05"]
[SourceVersion "1"]
[SourceVersionDate "2022.10.05"]
[SourceQuality "1"]

1. e4 c5 2. f4 e6 3. Nf3 Be7 4. Nc3 a6 5. Be2 d5 6. d4 Nc6 7. Be3 dxe4 8. Nxe4 cxd4 9. Nxd4 Nxd4 10. Qxd4 Nf6 11. Qxd8+ Bxd8 12. Nd6+ Kf8 13. Bf3 Ba5+ 14. c3 Nd5 15. Bxd5 exd5 16. Bc5 Kg8 17. 0-0-0 Be6 18. f5 Bd7 19. Rhe1 Bd8 20. Rxd5 Bc6 21. Rde5 Bc7 22. Re7 Bxd6 23. Bxd6 h5 24. g3 Rh6 25. Bf4 Rf6 26. R1e5 Rd8 27. Bg5 Rfd6 28. Re1 Rd5 29. Rc7 f6 30. Bf4 R8d7 31. Rxd7 Bxd7 32. Rd1 Rxd1+ 33. Kxd1 Bxf5 34. Ke2 g5 35. Bc7 Kf7 36. a4 Ke6 37. a5 Bc2 38. b4 Kf5 39. Bd8 Kg6 40. Kf2 h4 41. gxh4 gxh4 42. Kg2 Bd3 43. Be7 Kg5 44. Bd8 Be4+ 45. Kh3 Bf5+ 46. Kg2 h3+ 47. Kg3 Be6 48. Be7 Bc8 49. Bd8 Kg6 50. Kh4 Kf7 51. Kg3 Bf5 52. Kh4 Bc8 53. Kg3 Bd7 54. Kh4 Bf5 55. Kg3 Ke6 56. Kh4 Kf7 57. Kg3 Ke6 58. Kh4 Ke5 59. Kg3 Bd7 60. Be7 Be6 61. Bd8 Bd7 62. Be7 Bc8 63. Bd8 1/2-1/2